00711nam a2200193Ii 450000100060000000300090000600800410001502000180005604000330007404100080010708200170011510000390013224501270017126401260029830000120042433600260043633700280046233800270049016101CO-ViMGA241108s9999||||xx |||||||||||||| ||und|| a9789587072013 aCO-ViMGAbspaerdacCO-ViMGA0 aunk04a346.064 B24d1 aEdison Andrés Belalcázar Erazo10aDerecho de las personas jurídicas sin ánimo de lucro :bONG, asociaciones, corporaciones, fundaciones, clubes sociales 1a[Lugar de publicación no identificado] : Librería Ediciones del Profesional, [Fecha de publicación no identificada] avolumen atextbtxt2rdacontent aunmediatedbn2rdamedia avolumebnc2rdacarrier